| 000 | 01401cam a2200385 a 4500 | ||
|---|---|---|---|
| 001 | 15615307 | ||
| 003 | OSt | ||
| 005 | 20140310182712.0 | ||
| 008 | 090206s2010 nyua b 001 0 eng | ||
| 010 | _a 2009005733 | ||
| 020 | _a9780816077205 (hc : alk. paper) | ||
| 020 | _a0816077207 (alk. paper) | ||
| 020 | _a0816077207 (alk. paper) | ||
| 035 | _a(OCoLC)ocn290485698 | ||
| 040 |
_aDLC _cDLC _dYDX _dYDXCP _dDLC |
||
| 050 | 0 | 0 |
_aGV 1015.4 _b.C932 2010 |
| 082 | 0 | 0 |
_aM 796.325082 _22nd ed. _bC932 2010 |
| 100 | 1 | _aCrisfield, Deborah. | |
| 245 | 1 | 0 |
_aWinning volleyball for girls / _cCrisfield, Deborah W.; Monteleone, John J. ; foreword by Nolan, Maria . |
| 250 | _a3rd ed. | ||
| 260 |
_aNew York : _bChelsea House, _cc2010. |
||
| 300 |
_axviii, 189 p. _bill. : col. ; _c24 cm. |
||
| 490 | 1 | _aThe winning sports for girls series | |
| 504 | _aIncludes bibliographical references and index. | ||
| 521 | _aCollege Students | ||
| 526 | _c1210L-1700L | ||
| 541 | _j1 | ||
| 562 | _efor circulation. 1 copy available in the collection | ||
| 650 | 0 | _aVolleyball for women. | |
| 700 | 1 | _aMonteleone, John J. | |
| 830 | 0 | _aWinning sports for girls series. | |
| 906 |
_a7 _bcbc _corignew _d1 _eecip _f20 _gy-gencatlg |
||
| 942 |
_2lcc _cBK _kM |
||
| 999 |
_c15243 _d15243 |
||